その選手にのみ使われている漢字が含まれる現役選手(2026) - Statistics

General Stats
  • This quiz has been taken 42 times
  • The average score is 24 of 44
Answer Stats
漢字 現所属 選手名 % Correct
ヤクルト 高橋奎二
97%
ロッテ 西川史礁
97%
DeNA 蝦名達夫
94%
広島 會澤翼
94%
DeNA 松尾汐恩
91%
日本ハム 山縣秀
91%
阪神 榮枝裕貴
88%
DeNA 戸柱恭孝
88%
楽天 古謝樹
88%
西武 蛭間拓哉
88%
日本ハム 畔柳亨丞
84%
巨人 石塚裕惺
81%
ソフトバンク 石塚綜一郎
81%
日本ハム 柴田獅子
78%
徐/熙 ソフトバンク 徐若熙
72%
楽天 石原彪
72%
ヤクルト 石山泰稚
69%
睿/煬 日本ハム 古林睿煬
69%
オリックス 内藤鵬
66%
DeNA 馬場皐輔
59%
西武 佐藤爽
53%
DeNA 深沢鳳介
47%
日本ハム 澁谷純希
47%
西武 杉山遙希
47%
阪神 早瀬朔
44%
阪神 戸井零士
44%
広島 内田湘大
44%
オリックス 前佑囲斗
44%
ソフトバンク 川口冬弥
41%
巨人 石田充冴
38%
楽天 日當直喜
38%
DeNA 小針大輝
31%
ソフトバンク 佐倉俠史朗
31%
DeNA 高見澤郁魅
25%
幌/黛 楽天 幌村黛汰
19%
中日 有馬惠叶
16%
ソフトバンク 漁府輝羽
16%
オリックス 陳睦衡
16%
DeNA 清水詩太
13%
巨人 竹下徠空
13%
巨人 黃錦豪
13%
楽天 大坪梓恩
13%
ヤクルト 小宮悠瞳
9%
オリックス 上原堆我
9%
No matching quizzes found
Score Distribution
Percent of People with Each Score
Percentile by Number Answered
Your Score History
You have not taken this quiz